Nghề và làng nghề thủ công ở Thái Bình

Giới thiệu các điều kiện tự nhiên, dân cư liên quan đến sự ra đời các nghề và làng nghề thủ công truyền thống ở Thái Bình. Tổng quan về nghề và làng nghề ở Thái Bình chủ yếu xưa và nay như nghề dâu, tằm, tơ; nghề bèo dâu; nghề đan...

Description complète

Enregistré dans:
Détails bibliographiques
Auteur principal: Nguyễn, Thanh
Format: Livre
Langue:Undetermined
Publié: Hà Nội Văn hóa Thông tin 2014
Sujets:
Tags: Ajouter un tag
Pas de tags, Soyez le premier à ajouter un tag!
Thư viện lưu trữ: Trung tâm Học liệu Trường Đại học Cần Thơ
LEADER 01115nam a2200205Ia 4500
001 CTU_190941
008 210402s9999 xx 000 0 und d
082 |a 680.0959736 
082 |b Th107 
100 |a Nguyễn, Thanh 
245 0 |a Nghề và làng nghề thủ công ở Thái Bình 
245 0 |c Nguyễn Thanh 
260 |a Hà Nội 
260 |b Văn hóa Thông tin 
260 |c 2014 
520 |a Giới thiệu các điều kiện tự nhiên, dân cư liên quan đến sự ra đời các nghề và làng nghề thủ công truyền thống ở Thái Bình. Tổng quan về nghề và làng nghề ở Thái Bình chủ yếu xưa và nay như nghề dâu, tằm, tơ; nghề bèo dâu; nghề đan giành; dệt chiếu; gầu giai; gai vó; rèn sắt; đúc đồng; nghề kim hoàn; nghề làm hương... 
650 |a Handicraft industries,Nghề thủ công 
650 |z Vietnam,Việt Nam 
910 |a Hải 
980 |a Trung tâm Học liệu Trường Đại học Cần Thơ